Pokémon - Les attaques de Séviper - Statistiques

Statistiques générales
  • Ce quiz a été pris 24 fois
  • Le résultat moyen est 11 sur 20
Statistiques - réponses
Niveaux Types Noms des attaques % Correct
Niveau 4 Ténèbres Morsure
93%
Départ Normal Ligotage
86%
Niveau 39 Ténèbres Mâchouille
86%
Niveau 9 Poison Queue-Poison
86%
Niveau 21 Poison Crochet Venin
71%
Niveau 19 Normal Regard Médusant
71%
Niveau 16 Poison Choc Venin
64%
Niveau 44 Poison Enroulement
64%
Niveau 6 Spectre Léchouille
64%
Niveau 34 Glace Buée Noire
57%
Niveau 41 Poison Éructation
57%
Niveau 31 Poison Direct Toxik
50%
Niveau 24 Poison Piège de Venin
43%
Niveau 36 Normal Danse-Lames
36%
Niveau 14 Normal Grincement
36%
Niveau 29 Poison Suc Digestif
36%
Niveau 46 Normal Essorage
29%
Niveau 26 Ténèbres Tranche-Nuit
21%
Départ Normal Vantardise
21%
Niveau 11 Normal Ruse
0%
Aucun quiz correspondant
Distribution des résultats
% des personnes avec chaque résultat
Percentile par nombre de réponses
Votre historique - résultats
Vous n’avez pas pris ce quiz